|
|
|
|
| LEADER |
01228nam a2200373 a 4500 |
| 001 |
000068190 |
| 003 |
CZ BrMZK |
| 005 |
20250822101626.0 |
| 007 |
ta |
| 008 |
950313s1992 xxu f 0 eng d |
| 020 |
|
|
|a 0-8151-1617-9
|
| 040 |
|
|
|a BOA001
|b cze
|
| 072 |
|
7 |
|a 159.93/.94
|x Senzorické a motorické funkce. Emoce. Vůle
|2 Konspekt
|9 17
|
| 080 |
|
|
|a 81'232
|2 MRF
|
| 080 |
|
|
|a 159.946.3
|2 MRF
|
| 080 |
|
|
|a 616.22-008.5
|2 MRF
|
| 080 |
|
|
|a (048.8)
|2 MRF
|
| 100 |
1 |
|
|a Chapman, Robin S.
|4 aut
|
| 245 |
1 |
0 |
|a Processes in language acquisition and disorders /
|c Robin S. Chapman
|
| 260 |
|
|
|a St. Louis :
|b Mosby-Year Book,
|c 1992
|
| 300 |
|
|
|a 12, 305 s.
|
| 504 |
|
|
|a Obsahuje bibliografie
|
| 650 |
0 |
7 |
|a jazyková akvizice
|7 ph442516
|2 czenas
|
| 650 |
0 |
7 |
|a vývoj řeči
|7 ph127473
|2 czenas
|
| 650 |
0 |
7 |
|a poruchy řeči
|7 ph124391
|2 czenas
|
| 650 |
0 |
9 |
|a language acquisition
|2 eczenas
|
| 650 |
0 |
9 |
|a speech development
|2 eczenas
|
| 650 |
0 |
9 |
|a speech disorders
|2 eczenas
|
| 655 |
|
7 |
|a monografie
|7 fd132842
|2 czenas
|
| 655 |
|
9 |
|a monographs
|2 eczenas
|
| 910 |
|
|
|a BOA001
|b 3-1020.150
|
| 990 |
|
|
|a BK
|
| 991 |
|
|
|b 200705
|
| 996 |
7 |
|
|b 2610035899
|c 3-1020.150
|l MZK
|r Sklad / do 1 hodiny
|n 17
|p kup
|w 000068190
|u 000010
|a 1
|e BOA001
|j MZK50
|s A
|